00931 a2200193 45000010006000000050017000060080041000230030015000640400040000790800068001192450078001870200022002652640033002873000019003205050237003391000021005767000020005978560120006172396520260407155525.0260407a2013 arg spa dAR-UNSa-BCEJYS aAR-UNSa-BCEJYSbspacAR-UNSa-BCEJYS a336.1xFinanzas Públicas. Finanzas del gobierno en general 10aFinanzas públicas en la prácticapselección de casos y aplicaciones a978-987-02-7035-5 1aBuenos Aires :bDunkenc2013 a364 p.c22 cm. a1. Estructura del gasto público, bienes públicos y externalidades - 2. Enfoque de economía política - 3. Gasto público social y sectores: salud, educación, seguridad social, pobreza - 4. Impuestos - 5. Federalismo fiscal1 aGarriga, Marcelo1 aRosales, Walter41uhttps://biblioeco.unsa.edu.ar/pmb/images/libros/Finanzas P?blicas en la Pr?ctica.jpgyImagen de portadaqimage/jpeg